000 00412 a2200145 4500
003 OSt
005 20231216151130.0
008 231216b |||||||| |||| 00| 0 eng d
020 _a8170557194
040 _coclc
082 _a891.431
_bTRI/S
100 _aTripathi, Prabath
_910148
245 _aSADAK PAR CHUP CHAP /
_cPrabath Tripathi
942 _2ddc
_cBK
_h891.431
_iTRI/S
_k891.431
_mTRI/S
999 _c43444
_d43444